Učebnice matematiky pro posluchače VŠE /

Hlavní autor: Horský, Zdeněk, 1929-1988
Jazyk: Čeština
Vydáno: Praha : Nakladatelství technické literatury, 1973
Vydání: 2. dopl. vyd.
Externí odkaz: Digitalizovaný dokument
Fyzický popis: 316 s.
Knihy
Uloženo v:
LEADER 00931nam a22002532a 4500
001 000352668
003 CZ BrMZK
005 20130903101313.0
007 ta
008 980105s1973 xr f cze d
015 |a cnb000438257  |z cnb000140128 
035 |a (OCoLC)42144088 
040 |a BOA001  |b cze 
100 1 |a Horský, Zdeněk,  |d 1929-1988  |7 jk01042288  |4 aut 
245 1 0 |a Učebnice matematiky pro posluchače VŠE /  |c Zdeněk Horský 
250 |a 2. dopl. vyd. 
260 |a Praha :  |b Nakladatelství technické literatury,  |c 1973 
300 |a 316 s. 
856 4 1 |u http://www.digitalniknihovna.cz/mzk/uuid/uuid:b1d77450-8a79-11e3-997d-005056827e52  |y Digitalizovaný dokument  |x NDK 
910 |a BOA001  |b 2-0603.701-73 
990 |a BK 
991 |b 201308 
996 7 |b 2619696312  |c 2-0603.701-73  |l HP2  |r DEN  |n 5  |w 000352668  |u 000020  |a 1  |e BOA001  |j MZK50  |s A 
996 6 |b 2619848849  |c 2-0603.701-73  |l HP2  |r DEN  |n 5  |w 000352668  |u 000010  |a 1  |e BOA001  |j MZK50  |s P